[Event "UAE President Cup U14"]
[Site "Ajman"]
[Date "2019.01.05"]
[Round "5"]
[White "Mesfer, Al Mesafri"]
[Black "Mansoor, Khaled Saqr"]
[Result "1-0"]
[WhiteElo "1110"]
[BlackElo "1163"]
[PlyCount "85"]
[EventDate "2019.01.02"]
[EventType "swiss"]
[EventRounds "9"]
[EventCountry "UAE"]
[SourceTitle "CBM 188 Extra"]
[Source "ChessBase"]
[SourceDate "2019.02.26"]
[SourceVersion "1"]
[SourceVersionDate "2019.02.26"]
[SourceQuality "1"]

1. d4 d5 2. Nf3 Nf6 3. c4 e6 4. Nc3 Be7 5. Bg5 0-0 6. e3 b6 7. Qc2 Bb7 8. cxd5 Nxd5 9. Bxe7 Nxe7 10. Bd3 g6 11. h4 h5 12. Be4 Nbc6 13. a3 Na5 14. Bxb7 Nxb7 15. Rg1 Nf5 16. g4 Nxh4 17. Qe4 Nd6 18. Qf4 Nxf3+ 19. Qxf3 hxg4 20. Qxg4 Kg7 21. Ne2 Rh8 22. Nf4 Qh4 23. Qf3 Qh2 24. 0-0-0 Nf5 25. Rh1 Nh4 26. Qe2 Nf5 27. Rxh2 Rxh2 28. Qf3 Rah8 29. Qe4 Rxf2 30. Qe5+ Kg8 31. Rd2 Rh1+ 32. Kc2 Rff1 33. Nd3 Ra1 34. Kb3 a5 35. Rc2 Rad1 36. Nf4 Rhe1 37. Ne2 Rd3+ 38. Ka2 Rxe3 39. Qf6 R1xe2 40. Rxc7 Nd6 41. Rd7 Rxa3+ 42. Kxa3 Nc4+ 43. Ka4 1-0

[Event "UAE President Cup U14"]
[Site "Ajman"]
[Date "2019.01.04"]
[Round "3"]
[White "Mesfer, Al Mesafri"]
[Black "Mohammad Abdulrahman, Alawadhi"]
[Result "1/2-1/2"]
[WhiteElo "1110"]
[BlackElo "1303"]
[PlyCount "79"]
[EventDate "2019.01.02"]
[EventType "swiss"]
[EventRounds "9"]
[EventCountry "UAE"]
[SourceTitle "CBM 188 Extra"]
[Source "ChessBase"]
[SourceDate "2019.02.26"]
[SourceVersion "1"]
[SourceVersionDate "2019.02.26"]
[SourceQuality "1"]

1. e4 d6 2. Nc3 Nf6 3. f4 e5 4. Bc4 c6 5. fxe5 dxe5 6. Nf3 Bc5 7. h3 Nxe4 8. Nxe4 Bb6 9. Neg5 0-0 10. d3 h6 11. Ne4 Kh8 12. Qe2 f5 13. Nf2 e4 14. Ne5 exd3 15. Ng6+ Kh7 16. Nxf8+ Qxf8 17. Bxd3 Nd7 18. Be3 Bc7 19. g4 Ne5 20. g5 Nxd3+ 21. Qxd3 hxg5 22. Bxg5 Ba5+ 23. c3 Bb6 24. Ng4 Kh8 25. Ne3 f4 26. Ng4 Bf5 27. Qd2 Re8+ 28. Kd1 Be3 29. Nxe3 fxe3 30. Qe2 Be4 31. Rf1 Qd6+ 32. Kc1 Kg8 33. b4 Qe5 34. Qxe3 Qb5 35. Qf4 Qc4 36. Kb2 Qe2+ 37. Ka3 Qa6+ 38. Kb2 Qe2+ 39. Qd2 Qc4 40. Rae1 1/2-1/2